000 00826nam a22002657a 4500
003 CHAP
005 20220329134820.0
008 971013s1955 r 00010 d
010 _a26393
011 _a27365
035 _a31466
040 _cCHAP
082 _a541.372
_bI65
245 _aIon exchange and its applications
_b: papers read at the conference...
260 _aLondon :
_bSociety of Chemical Industry,
_c1955
300 _a173 p.
_b: ilus
590 _aBATCH-UPD
_b10
_c20130110
_lUCH01
_h2217
590 _aBATCH-UPD
_b10
_c20130410
_lUCH01
_h1517
590 _aBATCH-UPD
_b10
_c20130914
_lUCH01
_h1650
590 _aCONVERSION
_b10
_c20130109
_lUCH01
_h1315
650 1 4 _aIntercambio iónico.
_959524
901 _aBK
942 _cLIBRO
949 _a541.372 I65
_bBC
_cLIBRO
_d33724000389268
_eLIBRO
_h10080
_i31466
_si
999 _c26393
_d26393